Normal view
MARC view
Entry Topical Term
001 - CONTROL NUMBER
- control field: 650764
003 - CONTROL NUMBER IDENTIFIER
- control field: OSt
005 - DATE AND TIME OF LATEST TRANSACTION
- control field: 20221006144030.0
008 - FIXED-LENGTH DATA ELEMENTS
- fixed length control field: 221006|| aca||aabn | a|a d
040 ## - CATALOGING SOURCE
- Original cataloging agency: OSt
- Transcribing agency: OSt
150 ## - HEADING--TOPICAL TERM
- Topical term or geographic name entry element: China - The preparatory Committeee Meeting
670 ## - SOURCE DATA FOUND
- Source citation: Work cat.: (OSt)1078775: MAO Tse-tung, Mao Tse- Tung on people's democratic dictatorship together with his two speeches delivered at the preparatory committee meeting and the first plenary session of the Chinese people's political consultative conference, 1950
